Catálogo
 En Linea

Ensayo de una bibliografia jarnesiana / (Registro nro. 15396)

Detalles MARC
000 -CABECERA
campo de control de longitud fija 00825cam a2200229 a 4500
001 - NÚMERO DE CONTROL
campo de control 000015852
005 - FECHA Y HORA DE LA ÚLTIMA TRANSACCIÓN
campo de control 20200929164158.0
008 - DATOS DE LONGITUD FIJA--INFORMACIÓN GENERAL
campo de control de longitud fija 890825s1988 sp b 000 0 spa d
010 ## - NÚMERO DE CONTROL DE LA BIBLIOTECA DEL CONGRESO
Número de control de LC 89179601
020 ## - NÚMERO INTERNACIONAL ESTÁNDAR DEL LIBRO
Número Internacional Estándar del Libro 8478200134
040 ## - FUENTE DE LA CATALOGACIÓN
Centro catalogador/agencia de origen DO-SdBNP
Centro/agencia transcriptor DLC
Centro/agencia modificador DLC
042 ## - CÓDIGO DE AUTENTICACIÓN
Código de autenticación lccopycat
050 04 - SIGNATURA TOPOGRÁFICA DE LA BIBLIOTECA DEL CONGRESO
Número de clasificación Z8449.75
Número de documento/Ítem .D665 1988
100 2# - ENTRADA PRINCIPAL--NOMBRE DE PERSONA
Nombre de persona Dominguez Lasierra, Juan.
9 (RLIN) 35675
245 10 - MENCIÓN DE TÍTULO
Título Ensayo de una bibliografia jarnesiana /
Mención de responsabilidad, etc. Juan Dominguez Lasierra.
260 ## - PUBLICACIÓN, DISTRIBUCIÓN, ETC.
Lugar de publicación, distribución, etc. Zaragoza :
Nombre del editor, distribuidor, etc. Institucion Fernando el Catolico,
Fecha de publicación, distribución, etc. 1988.
300 ## - DESCRIPCIÓN FÍSICA
Extensión 138 p. ;
Dimensiones 22 cm.
490 1# - MENCIÓN DE SERIE
Mención de serie Publicacion num. 1.177 de la Institucion Fernando el Catolico
600 10 - PUNTO DE ACCESO ADICIONAL DE MATERIA--NOMBRE DE PERSONA
Nombre de persona Jarnes, Benjamin,
Fechas asociadas al nombre 1888-1950
Subdivisión general Bibliography.
9 (RLIN) 35676
830 #0 - PUNTO DE ACCESO ADICIONAL DE SERIE-TÍTULO UNIFORME
Título uniforme Publicacion ... de la Institucion "Fernando el Catolico" ;
Designación de volumen o secuencia no. 1177.
9 (RLIN) 19262
910 ## - DATOS DE OPCIÓN DEL USUARIO (OCLC)
Datos de opción del usuario Catalogación por copia / LC
Existencias
Estado de retiro Estado de pérdida Restricciones de uso No para préstamo Código de colección Localización permanente Ubicación/localización actual Ubicación en estantería Fecha de adquisición Número de inventario Total de préstamos Signatura topográfica completa Código de barras Fecha visto por última vez Precio válido a partir de Tipo de ítem Koha
    Préstamo interno   Monografías: Libros y Folletos General General En catalogación 19.02.2010 LF1   15852-10 25.06.2020 25.06.2020 Préstamo interno

Con tecnología Koha